000 00280nam a22001337a 4500
008 170727b xxu||||| |||| 00| 0 eng d
020 _a9780324068573
041 _aeng
080 _a004
100 _a31
101 _aSHK
245 _aEXCEL & ACCESS
_cOWEN,G
942 _2udc
_cBK
999 _c22032
_d22032